<?xml version="1.0" encoding="UTF-8"?>
<record
    xmlns:xsi="http://www.w3.org/2001/XMLSchema-instance"
    xsi:schemaLocation="http://www.loc.gov/MARC21/slim http://www.loc.gov/standards/marcxml/schema/MARC21slim.xsd"
    xmlns="http://www.loc.gov/MARC21/slim">

  <leader>01028cam a2200205 a 4500</leader>
  <controlfield tag="003">OSt</controlfield>
  <controlfield tag="005">20150408113826.0</controlfield>
  <controlfield tag="008">090505s2000    su     g      000 0 ara c</controlfield>
  <datafield tag="040" ind1=" " ind2=" ">
    <subfield code="a">mu</subfield>
    <subfield code="b">ara</subfield>
    <subfield code="c">mb</subfield>
  </datafield>
  <datafield tag="082" ind1="0" ind2="4">
    <subfield code="a">259</subfield>
    <subfield code="2">21</subfield>
  </datafield>
  <datafield tag="245" ind1="0" ind2="0">
    <subfield code="a">&#x641;&#x62A;&#x627;&#x648;&#x649; &#x627;&#x644;&#x623;&#x626;&#x645;&#x629; &#x627;&#x644;&#x646;&#x62C;&#x62F;&#x64A;&#x629; &#x62D;&#x648;&#x644; &#x642;&#x636;&#x627;&#x64A;&#x627; &#x627;&#x644;&#x623;&#x645;&#x629; &#x627;&#x644;&#x645;&#x635;&#x64A;&#x631;&#x64A;&#x629; &#x645;&#x646; &#x634;&#x64A;&#x62E; &#x627;&#x644;&#x625;&#x633;&#x644;&#x627;&#x645; &#x645;&#x62D;&#x645;&#x62F; &#x628;&#x646; &#x639;&#x628;&#x62F; &#x627;&#x644;&#x648;&#x647;&#x627;&#x628; &#x625;&#x644;&#x649; &#x627;&#x628;&#x646; &#x628;&#x627;&#x632; /</subfield>
    <subfield code="c">&#x62C;&#x645;&#x639;&#x647; &#x648;&#x623;&#x639;&#x62F;&#x647; &#x623;&#x628;&#x648; &#x64A;&#x648;&#x633;&#x641; &#x645;&#x62F;&#x62D;&#x62A; &#x628;&#x646; &#x627;&#x644;&#x62D;&#x633;&#x646; &#x622;&#x644; &#x641;&#x631;&#x627;&#x62C;.</subfield>
  </datafield>
  <datafield tag="250" ind1=" " ind2=" ">
    <subfield code="a">&#x637;. 2.</subfield>
  </datafield>
  <datafield tag="260" ind1=" " ind2=" ">
    <subfield code="a">&#x627;&#x644;&#x631;&#x64A;&#x627;&#x636; :</subfield>
    <subfield code="b">&#x645;&#x643;&#x62A;&#x628;&#x629; &#x627;&#x644;&#x631;&#x634;&#x62F;</subfield>
    <subfield code="c">2007</subfield>
  </datafield>
  <datafield tag="300" ind1=" " ind2=" ">
    <subfield code="a">4 &#x645;&#x62C;. &#x61B;</subfield>
    <subfield code="c">25 &#x633;&#x645;.</subfield>
  </datafield>
  <datafield tag="600" ind1="1" ind2="7">
    <subfield code="a">&#x627;&#x628;&#x646; &#x639;&#x628;&#x62F; &#x627;&#x644;&#x648;&#x647;&#x627;&#x628;&#x60C; &#x645;&#x62D;&#x645;&#x62F; &#x628;&#x646; &#x639;&#x628;&#x62F; &#x627;&#x644;&#x648;&#x647;&#x627;&#x628; &#x628;&#x646; &#x633;&#x644;&#x64A;&#x645;&#x627;&#x646;&#x60C;</subfield>
    <subfield code="d">1115-1206 &#x647;&#x640;.</subfield>
    <subfield code="x">&#x62F;&#x64A;&#x646;</subfield>
    <subfield code="2">aucnm</subfield>
    <subfield code="9">3635</subfield>
  </datafield>
  <datafield tag="600" ind1="1" ind2="7">
    <subfield code="a">&#x627;&#x628;&#x646; &#x628;&#x627;&#x632;&#x60C; &#x639;&#x628;&#x62F; &#x627;&#x644;&#x639;&#x632;&#x64A;&#x632; &#x628;&#x646; &#x639;&#x628;&#x62F; &#x627;&#x644;&#x644;&#x647; &#x628;&#x646; &#x639;&#x628;&#x62F; &#x627;&#x644;&#x631;&#x62D;&#x645;&#x646;&#x60C;</subfield>
    <subfield code="d">1320-1420 &#x647;&#x640;.</subfield>
    <subfield code="x">&#x62F;&#x64A;&#x646;</subfield>
    <subfield code="2">aucnm</subfield>
    <subfield code="9">3636</subfield>
  </datafield>
  <datafield tag="650" ind1=" " ind2="7">
    <subfield code="a">&#x627;&#x644;&#x641;&#x642;&#x647; &#x627;&#x644;&#x625;&#x633;&#x644;&#x627;&#x645;&#x64A;</subfield>
    <subfield code="2">aucsh</subfield>
  </datafield>
  <datafield tag="700" ind1="1" ind2=" ">
    <subfield code="a">&#x622;&#x644; &#x641;&#x631;&#x627;&#x62C;&#x60C; &#x623;&#x628;&#x648; &#x64A;&#x648;&#x633;&#x641; &#x645;&#x62F;&#x62D;&#x62A; &#x628;&#x646; &#x627;&#x644;&#x62D;&#x633;&#x646;</subfield>
    <subfield code="e">&#x62C;&#x627;&#x645;&#x639;.</subfield>
    <subfield code="9">3637</subfield>
  </datafield>
  <datafield tag="942" ind1=" " ind2=" ">
    <subfield code="2">ddc</subfield>
    <subfield code="c">REF</subfield>
  </datafield>
  <datafield tag="999" ind1=" " ind2=" ">
    <subfield code="c">7759</subfield>
    <subfield code="d">242259</subfield>
  </datafield>
  <datafield tag="952" ind1=" " ind2=" ">
    <subfield code="1">0</subfield>
    <subfield code="2">2013-03-10</subfield>
    <subfield code="4">0</subfield>
    <subfield code="7">0</subfield>
    <subfield code="a">259 &#x645;&#x62C;1 &#x641; &#x62A; &#x627;</subfield>
    <subfield code="d">2011-09-03</subfield>
    <subfield code="h">CL</subfield>
    <subfield code="i">00065978</subfield>
    <subfield code="m">CL</subfield>
    <subfield code="r">2013-03-10 00:00:00</subfield>
    <subfield code="t">REF</subfield>
    <subfield code="w">ddc</subfield>
    <subfield code="y">0</subfield>
  </datafield>
  <datafield tag="952" ind1=" " ind2=" ">
    <subfield code="1">0</subfield>
    <subfield code="2">2013-03-10</subfield>
    <subfield code="4">0</subfield>
    <subfield code="7">0</subfield>
    <subfield code="a">259 &#x645;&#x62C;1 &#x641; &#x62A; &#x627;</subfield>
    <subfield code="d">2011-10-09</subfield>
    <subfield code="h">CL</subfield>
    <subfield code="i">00069443</subfield>
    <subfield code="m">CL</subfield>
    <subfield code="r">2013-03-10 00:00:00</subfield>
    <subfield code="t">REF</subfield>
    <subfield code="w">ddc</subfield>
    <subfield code="y">0</subfield>
  </datafield>
  <datafield tag="952" ind1=" " ind2=" ">
    <subfield code="1">0</subfield>
    <subfield code="2">2013-03-10</subfield>
    <subfield code="4">0</subfield>
    <subfield code="7">0</subfield>
    <subfield code="a">259 &#x645;&#x62C;1 &#x641; &#x62A; &#x627;</subfield>
    <subfield code="d">2011-10-09</subfield>
    <subfield code="h">CL</subfield>
    <subfield code="i">00069447</subfield>
    <subfield code="m">CL</subfield>
    <subfield code="r">2013-03-10 00:00:00</subfield>
    <subfield code="t">REF</subfield>
    <subfield code="w">ddc</subfield>
    <subfield code="y">0</subfield>
  </datafield>
  <datafield tag="952" ind1=" " ind2=" ">
    <subfield code="1">0</subfield>
    <subfield code="2">2013-03-10</subfield>
    <subfield code="4">0</subfield>
    <subfield code="7">0</subfield>
    <subfield code="a">259 &#x645;&#x62C;2 &#x641; &#x62A; &#x627;</subfield>
    <subfield code="d">2011-10-09</subfield>
    <subfield code="h">CL</subfield>
    <subfield code="i">00069442</subfield>
    <subfield code="m">CL</subfield>
    <subfield code="r">2013-03-10 00:00:00</subfield>
    <subfield code="t">REF</subfield>
    <subfield code="w">ddc</subfield>
    <subfield code="y">0</subfield>
  </datafield>
  <datafield tag="952" ind1=" " ind2=" ">
    <subfield code="1">0</subfield>
    <subfield code="2">2013-03-10</subfield>
    <subfield code="4">0</subfield>
    <subfield code="7">0</subfield>
    <subfield code="a">259 &#x645;&#x62C;2 &#x641; &#x62A; &#x627;</subfield>
    <subfield code="d">2011-10-09</subfield>
    <subfield code="h">CL</subfield>
    <subfield code="i">00069444</subfield>
    <subfield code="m">CL</subfield>
    <subfield code="r">2013-03-10 00:00:00</subfield>
    <subfield code="t">REF</subfield>
    <subfield code="w">ddc</subfield>
    <subfield code="y">0</subfield>
  </datafield>
  <datafield tag="952" ind1=" " ind2=" ">
    <subfield code="1">0</subfield>
    <subfield code="2">2013-03-10</subfield>
    <subfield code="4">0</subfield>
    <subfield code="7">0</subfield>
    <subfield code="a">259 &#x645;&#x62C;3 &#x641; &#x62A; &#x627;</subfield>
    <subfield code="d">2011-10-09</subfield>
    <subfield code="h">CL</subfield>
    <subfield code="i">00069445</subfield>
    <subfield code="m">CL</subfield>
    <subfield code="r">2013-03-10 00:00:00</subfield>
    <subfield code="t">REF</subfield>
    <subfield code="w">ddc</subfield>
    <subfield code="y">0</subfield>
  </datafield>
  <datafield tag="952" ind1=" " ind2=" ">
    <subfield code="1">0</subfield>
    <subfield code="2">2013-03-10</subfield>
    <subfield code="4">0</subfield>
    <subfield code="7">0</subfield>
    <subfield code="a">259 &#x645;&#x62C;3 &#x641; &#x62A; &#x627;</subfield>
    <subfield code="d">2011-10-09</subfield>
    <subfield code="h">CL</subfield>
    <subfield code="i">00069448</subfield>
    <subfield code="m">CL</subfield>
    <subfield code="r">2013-03-10 00:00:00</subfield>
    <subfield code="t">REF</subfield>
    <subfield code="w">ddc</subfield>
    <subfield code="y">0</subfield>
  </datafield>
  <datafield tag="952" ind1=" " ind2=" ">
    <subfield code="1">0</subfield>
    <subfield code="2">2013-03-10</subfield>
    <subfield code="4">0</subfield>
    <subfield code="7">0</subfield>
    <subfield code="a">259 &#x645;&#x62C;4 &#x641; &#x62A; &#x627;</subfield>
    <subfield code="d">2011-10-09</subfield>
    <subfield code="h">CL</subfield>
    <subfield code="i">00069446</subfield>
    <subfield code="m">CL</subfield>
    <subfield code="r">2013-03-10 00:00:00</subfield>
    <subfield code="t">REF</subfield>
    <subfield code="w">ddc</subfield>
    <subfield code="y">0</subfield>
  </datafield>
  <datafield tag="952" ind1=" " ind2=" ">
    <subfield code="1">0</subfield>
    <subfield code="2">2013-03-10</subfield>
    <subfield code="4">0</subfield>
    <subfield code="7">0</subfield>
    <subfield code="a">259 &#x645;&#x62C;4 &#x641; &#x62A; &#x627;</subfield>
    <subfield code="d">2011-10-09</subfield>
    <subfield code="h">CL</subfield>
    <subfield code="i">00069449</subfield>
    <subfield code="m">CL</subfield>
    <subfield code="r">2013-03-10 00:00:00</subfield>
    <subfield code="t">REF</subfield>
    <subfield code="w">ddc</subfield>
    <subfield code="y">0</subfield>
  </datafield>
</record>
